000 01252naa a22003377a 4500
001 BR7804414
003 BR-BrBNA
005 20240918174122.0
007 ta
008 230509b bl.||||| |||| 00| 0 por d
040 _aBR-BrBNA
_bpor
_cBiblioteca Nacional de Agricultura
041 _a(Pt)
072 _aF50; F70
_b2040
_b3389
_bG514
090 _aF50 BR7804414
100 1 _aFerreira, M.B.
100 1 _aD'Assumpcao, W.R.C.
111 1 _a23. Congresso Nacional de Botanica
_cBelo Horizonte, MG (Brazil)
_d23 Jan 1977
245 1 _aLeguminosae em Minas Gerais - 2. O genero Erythrina L. [Brasil]
260 3 _aBelo Horizonte, MG (Brasil):
_c1978.
500 _aAnais da Sociedade Botanica do Brasil. 23. Congresso Nacional de Botanica Belo Horizonte, MG (Brasil): 1978. p. 59-74 (BR7804414-AM)F50
650 _aEstrutura vegetal
650 _aTaxonomia vegetal
650 _aLeguminosa
650 _aPlanta ornamental
650 _aAnatomia vegetal
650 _aDistribuicao geografica
650 _aMinas Gerais
773 0 _tAnais da Sociedade Botanica do Brasil. 23. Congresso Nacional de Botanica
_wF50 BR7804414
_gBelo Horizonte, MG (Brasil), 1978. p. 59-74
909 _a202404
_bLucia
_c55
_dLucia Elande
942 _cAM
_2AGRIS
999 _c309025
_d309025